000 00716nam a22001577a 4500
999 _c61126
_d61126
005 20231221113941.0
008 231221s1966 ru ||||| |||| 00| 0 rus d
041 _arus
080 _a821.124 B-74
245 _aВопросы античной литературы и классической филологии /
_cOтв. ред.М.Л. Гаспаров; АН СССР; Ин-т мировой лит. им. А. М. Горького.
264 _aМ.:
_bНаука,
_c1966.
300 _a536 c. ;
_b22 см.
700 _aГаспаров, М.Л.
_eრედაქტორი
_920499
710 _aАН СССР;
_d Ин-т мировой лит. им. А. М. Горького
_920832
942 _2udc
_cᲬᲘᲒᲜᲘ